| 000 | 00882nam a2200253Ia 4500 | ||
|---|---|---|---|
| 003 | OSt | ||
| 005 | 20220923211555.0 | ||
| 006 | a|||||r|||| 00| 0 | ||
| 007 | ta | ||
| 008 | Pun | ||
| 020 |
_a9789385646355 (hbk) _c395 |
||
| 024 | _a328,769 | ||
| 037 |
_b1013, 25/01/2018, H.K. Prakashan _cTextual |
||
| 040 |
_aARTS _cARTS _bPun |
||
| 041 |
_2Pun _aPun |
||
| 082 | _aQ8441wK66,1:g, 153Q7 | ||
| 100 |
_aਖੁਰਾਣਾ, ਅFੋਕ ਕੁਮਾਰ, ਂਚ. _9160826 |
||
| 245 | 0 |
_aਚੰਡੀ ਦੀ ਵਾਰ _b ਮਿਥਕ ਪਾਸਾਰ |
|
| 260 |
_aਜਲੰਧਰ _b ਦੀਪਕ ਪਬਲਿFਰਗ਼ _c2017 |
||
| 300 |
_a200ਪ0 _ccm. |
||
| 650 |
_aਸਿੱਖ ਧਰਮ _9156314 |
||
| 942 |
_hQ8441wK66,1:g, 153Q7 _cTEXL _2CC |
||
| 999 |
_c300906 _d300906 |
||